书目信息 |
| 题名: |
世界新产业革命动向
|
|
| 作者: | ;中国科技情报研究所《快报》编辑部科技文献出版社第二编辑室 编 | |
| 分册: | ||
| 出版信息: | 北京 科学技术文献出版社 1984.6 |
|
| 页数: | 326页 | |
| 开本: | 19cm | |
| 丛书名: | ||
| 单 册: | ||
| 中图分类: | G303 | |
| 科图分类: | ||
| 主题词: | 未来学 | |
| 电子资源: | ||
| ISBN: | ||
| 000 | 00760nam0 2200205 45 | |
| 001 | 0310081470 | |
| 005 | 20070926162254.57 | |
| 010 | @dCNY1.30 | |
| 091 | @a17176.408 | |
| 100 | @a20031008d1984 km y0chiy0120 ea | |
| 101 | 0 | @achi |
| 105 | @ak z 000yy | |
| 200 | 1 | @a世界新产业革命动向@AShi Jie Xin Chan Ye Ge Ming Dong Xiang@f中国科技情报研究所《快报》编辑部科技文献出版社第二编辑室编@FZhong Guo Ke Ji Qing Bao Yan Jiu Suo《Kuai Bao》Bian Ji Bu Ke Ji Wen Xian Chu Ban She Di Er Bian Ji Shi Bian |
| 210 | @a北京@c科学技术文献出版社@d1984.6 | |
| 215 | @a326页@c插图:表格@d19cm | |
| 606 | 0 | @a未来学 |
| 690 | @aG303@v3 | |
| 711 | 02 | @a中国科技情报研究所《快报》编辑部科技文献出版社第二编辑室@4编 |
| 801 | @aCN@bTSTC@c20070926 | |
| 905 | @dG303@e10@f1@b125183 | |
| 世界新产业革命动向/中国科技情报研究所《快报》编辑部科技文献出版社第二编辑室编.-北京:科学技术文献出版社,1984.6 |
| 326页:插图:表格;19cm |
| ISBN :CNY1.30 |
| ● |
| 相关链接 |
|
|
|
|
正题名:世界新产业革命动向
索取号:G303/10
 
预约/预借
| 序号 | 登录号 | 条形码 | 馆藏地/架位号 | 状态 | 备注 |
| 1 | 0125181 | 001712338 | 密集书库/ [索取号:G303/10] | 在馆 | |
| 2 | 0125182 | 001712294 | 密集书库/ [索取号:G303/10] | 在馆 | |
| 3 | 0125183 | 001972645 | 密集书库/ [索取号:G303/10] | 在馆 | |
| 4 | 0125184 | 001728090 | 密集书库/ [索取号:G303/10] | 在馆 | |
| 5 | 0125185 | 001728072 | 密集书库/ [索取号:G303/10] | 在馆 | |
| 6 | 0125186 | 001728081 | 密集书库/ [索取号:G303/10] | 在馆 | |
| 7 | 0125187 | 001728036 | 密集书库/ [索取号:G303/10] | 在馆 | |
| 8 | 0125188 | 001713177 | 密集书库/ [索取号:G303/10] | 在馆 | |
| 9 | 0125189 | 001712258 | 密集书库/ [索取号:G303/10] | 在馆 | |
| 10 | 0125190 | 000989247 | 第一样本阅览室/ [索取号:G303/10] | 在馆 | |
| 11 | 0626121 | 206261212 | 密集书库/ [索取号:G303/10] | 在馆 |